Представление документа в формате RUSMARC

ПолеНазваниеЗначение
  Тип записи a
  Библиографический уровень m
001 Контрольный номер UONB/MAIN/6412dd42b223463fab8bf473b1a6afb4
005 Дата корректировки 20251014143405.2
010 Индекс ISBN __
9 Тираж 150000 экз.
b Уточнения в пер.
100 Данные общей обработки __
a Данные общей обработки 20251014d1955 u y0rusy0189## ca
101 Язык документа 0_
a Язык текста rus
102 Страна публикации __
a Страна публикации RU
105 Кодированные данные (монография) __
a Кодированные данные (монография) y z 000ay
200 Заглавие и сведения об ответственности 1_
a Заглавие Что делать?
e Сведения, относящиеся к заглавию роман
f Первые сведения об ответственности Н. Г. Чернышевский
203 Вид содержания и тип средства __
a Вид содержания Текст
b Характеристика содержания визуальный
c Тип средства непосредственный
210 Выходные данные 1_
a Место издания Москва
c Издательство Правда
d Дата издания 1955
215 Физическое описание __
a Объем 476 с.
d Формат 20 см
606 Тематические рубрики 0_
a Основная рубрика Проза (х. л.)
610 Ключевые слова 0_
a Ключевые слова романы русские; проза русская; женщина в России (х. л.)
686 Индексы других классификаций __
a Классификационный индекс 84Р1
2 Код системы rubbk
700 Автор _1
a Фамилия Чернышевский
b Имя (инициалы) Н. Г.
g Полное личное имя Николай Гаврилович
801 Источник записи _0
a Страна RU
b Организация Ульяновская ОНБ
c Дата составления 20251014
g Правила каталогизации RCR
801 Источник записи _1
a Страна RU
b Организация Ульяновская ОНБ
c Дата составления 20251014
g Правила каталогизации RCR
901 Тип документа __
t Тип документа m
909 Создатель записи __
a Создатель записи Макушик
b Дата создания записи 20251014